000 00285nam a2200121Ia 4500
008 201214s9999 xx 000 0 und d
100 _aGhosh, Subratesh
245 0 _aPersonnel Management
260 _aNew Delhi
260 _bOxford & IBH Publishing Co.
300 _a226
942 _cBK
999 _c5646
_d5646